The Wire Episodes - Statistics

General Stats
  • This quiz has been taken 14 times
  • The average score is 10 of 60
Answer Stats
Episode Number Episode Name % Correct
SE5 EP10 -30-
55%
SE4 EP13 Final Grades
55%
SE1 EP2 The Detail
55%
SE1 EP1 The Target
55%
SE1 EP6 The Wire
55%
SE4 EP1 Boys of Summer
45%
SE3 EP11 Middle Ground
45%
SE3 EP12 Mission Accomplished
27%
SE2 EP12 Port in a Storm
27%
SE1 EP13 Sentencing
27%
SE1 EP5 The Pager
27%
SE4 EP11 A New Day
18%
SE1 EP12 Cleaning Up
18%
SE2 EP1 Ebb Tide
18%
SE1 EP9 Game Day
18%
SE3 EP4 Hamsterdam
18%
SE3 EP6 Homecoming
18%
SE4 EP3 Home Rooms
18%
SE2 EP3 Hot Shots
18%
SE1 EP8 Lessons
18%
SE3 EP8 Moral Midgetry
18%
SE1 EP7 One Arrest
18%
SE4 EP2 Soft Eyes
18%
SE2 EP10 Storm Warnings
18%
SE4 EP12 That's Got His Own
18%
SE1 EP3 The Buys
18%
SE1 EP10 The Cost
18%
SE5 EP6 The Dickensian Aspect
18%
SE3 EP1 Time After Time
18%
SE5 EP2 Unconfirmed Reports
18%
SE3 EP2 All Due Respect
9%
SE4 EP5 Alliances
9%
SE2 EP7 Backwash
9%
SE2 EP11 Bad Dreams
9%
SE2 EP2 Collateral Damage
9%
SE4 EP8 Corner Boys
9%
SE5 EP1 More with Less
9%
SE5 EP3 Not for Attribution
9%
SE1 EP4 Old Cases
9%
SE5 EP5 React Quotes
9%
SE3 EP10 Reformation
9%
SE3 EP9 Slapstick
9%
SE1 EP11 The Hunt
9%
SE5 EP7 Took
9%
SE2 EP5 Undertow
9%
SE2 EP6 All Prologue
0%
SE3 EP7 Back Burners
0%
SE5 EP8 Clarifications
0%
SE3 EP3 Dead Soldiers
0%
SE2 EP8 Duck and Cover
0%
SE2 EP4 Hard Cases
0%
SE4 EP9 Know Your Place
0%
SE5 EP9 Late Editions
0%
SE4 EP6 Margin of Error
0%
SE4 EP10 Misgivings
0%
SE4 EP4 Refugees
0%
SE3 EP5 Straight and True
0%
SE2 EP9 Stray Rounds
0%
SE5 EP4 Transitions
0%
SE4 EP7 Unto Others
0%
No matching quizzes found
Score Distribution
Percent of People with Each Score
Percentile by Number Answered
Your Score History
You have not taken this quiz